000 01606nam a22003497a 4500
003 OSt
005 20230608084609.0
008 221006b |||||||| |||| 00| 0 eng d
040 _cBiblioteca Lado V
082 _a700
_bS232c
100 _9847
_aSantamaria-Delgado, Carolina
_eEditor
245 _aCuadernos/
_bde música, artes visuales y artes escénicas/
260 _aUniversidad Javeriana
_c2011
_bColombia
_bBogota
300 _c22x28cm
_a168p.
366 _espa
490 _a2
_v6
_x1794-6670
505 _tEDITORIAL
_aLa escritura en las disciplinas artísticas
505 _tEnsayo sobre el ensayo audiovisual
505 _tHeiner Muller y la ruptura de la forma dramatica
505 _tMa'luf: Introducción a la historia, significado y conservación del legado andalusi-magrebi en la música tunecina
505 _tEl cine clásico y su doble anacronismo del mito y del héroe
505 _tLa producción de las artes en las universidades colombianas
505 _tEditoriales Visuales: Publicidad gráfica y cine al final del frente nacional
505 _tLa Navidad de Harry. De Steven Beroff, puesta en escena de Carlos Bolivar y Juan David Gonzalez
505 _tConvocatoria para la presentación de artículos
650 _2Tesauro de Arte & Arquitectura
_aMUSICA
_9703
650 _2Tesauro de Arte & Arquitectura
_aARTES ESCENICAS
_9702
650 _2Tesauro de Arte & Arquitectura
_aARTES VISUALES
_9702
650 _2Tesauro de Arte & Arquitectura
_aEDUCACION
700 _aNavarreta, Jose Antonio
_eeditor
942 _2ddc
_c1
_h700
_iS232c
_n0
999 _c3815
_d3815